Modern Indian Society and Culture. (Record no. 7345)

MARC details
000 -LEADER
fixed length control field 00598nam a2200241 a 4500
020 ## - INTERNATIONAL STANDARD BOOK NUMBER
ISBN
082 00 - DEWEY DECIMAL CLASSIFICATION NUMBER
Classification number 305.8095483
Author Cutter SIN
100 ## - MAIN ENTRY--AUTHOR NAME
Author name Singhal, D P
245 ## - TITLE STATEMENT
Title Modern Indian Society and Culture.
260 ## - PUBLICATION, DISTRIBUTION, ETC. (IMPRINT)
Place of publication Meerut
Name of publisher Meenakshi Pub
Year of publication 1980
300 ## - PHYSICAL DESCRIPTION
Number of Pages 280p
500 ## - GENERAL NOTE
General note includes index and biblioraphy
505 2# - FORMATTED CONTENTS NOTE
Formatted contents note bibliography, Index.
650 ## - SUBJECT ADDED ENTRY--TOPICAL TERM
Topical Term India-Social Conditions
942 ## - ADDED ENTRY ELEMENTS (KOHA)
Koha item type Books
700 1# -
-- Singhal, D P
Holdings
Collection code Home library Current library Date acquired Cost, normal purchase price Full call number Accession Number Koha item type
  Henry Martyn Institute Library Henry Martyn Institute Library 03/29/2007 50.00 305.8095483 SIN 010115 Books
                   Copyright © 2026 | Henry Martyn Institute | Hyderabad | TS-500052 | INDIA | Implemented by hmi.edu.in
Hit-Count:

Powered by Koha